00756nam a2200157Ia 4500008004100000020001800041082002400059100003600083245002600119250001200145260003900157300001700196500027000213952009800483999001700581120622s9999 xx 000 0 und d a970-676-803-3 a345.7253 M611a 2006 aMéxico. Leyes, decretos, etc. aAgenda penal del D.F. a15a.ed. aMéxico : Ediciones Fiscales ISEF apag. varía aContenido: Normas constitucionales en materia penal. -- Código penal para el Distrito Federal. -- Código de procedimientos penales para el D.F. -- Código penal federal. -- Código Federal de procedimientos penales. -- Ley de la defesoría de oficio del D.F. 00104070a01b01d2007-01-25l0o345.7253 M611A 2006p01 010604r2012-06-24w2012-06-24yLB c60076d60076